000 00745nam a22003130a 4500
001 PT49153
003 AR-LpoUNG
005 20210131231240.0
008 191001s1972||||ag |||||||||||||||||spa d
040 _aAR-LpoUNG
_bspa
_cAR-LpoUNG
_eaacr
041 _aspa
044 _aag
082 0 _aA863 951pay
100 1 _aLugones, Leopoldo
245 1 3 _aEl payador
250 _a4ta. ed.
260 _aBuenos Aires :
_bHuemul,
_c1972.
300 _a320 p. :
_bil., fot.
650 4 _aARGENTINA
650 4 _aCULTURA
650 4 _aLITERATURA
650 4 _aPRACTICAS TRADICIONALES
650 4 _aTRADICION
650 4 _aTRADICION ORAL
651 4 _aArgentina
653 _aLITERATURA ARGENTINA
905 _a49153
942 _cLSALA
999 _c8922
_d8922